Les personnages des zinzins de l'espace - Statistiques

Statistiques générales
  • Ce quiz a été pris 88 fois
  • Le résultat moyen est 3 sur 5
Statistiques - réponses
Couleur Nom % Correct
Orange Bud
89%
Vert Candy
80%
Violet Etno
75%
Bleu Gorgious
54%
Rouge Stéréo
50%
Aucun quiz correspondant
Distribution des résultats
% des personnes avec chaque résultat
Percentile par nombre de réponses
Votre historique - résultats
Vous n’avez pas pris ce quiz